00423nam a2200169Ia 4500003000400000005001700004008004100021020001500062050002400077100001800101245004300119260003500162300003300197440000600230521000800236526000900244OSt20140321140749.0140130s9999 xx 000 0 und d a0439738849 aDT 62.S7b.G53 2005 aGiblin, James aSecrets of the sphinx /cJames Giblin. bScholastic,a2005.cNew York : a42 p. :bcol. ill. ;c30 cm. v1 aG12 c1100